01499nam a2200205Ia 4500003000400000005001700004008004100021020001800062040000700080041001200087082001500099100001500114245003100129260003800160300002600198365001300224520100200237650002701239700002701266OSt20251024150520.0210423s2009 xx 000 0 und d a9788131509555 cAL aEnglish a803 bABRH aAbrams M H aHandbook of literary terms aAustraliabCengage Learningc2009 a332p.bPBc24x18.2cm. b185cINR aA Handbook of Literary Terms is an essential text for all serious students of literature. This indispensable, authoritative, and highly affordable reference covers terms useful in discussing literature and literary history, theory, and criticism. Perfect as a core text for introductory literary theory or as a supplement to any literature course, this classic work is an invaluable reference that students can continue to use throughout their academic and professional careers Key Features The alphabetical organization makes this comprehensive text remarkably easy to use as a convenient reference To provide students with a broad understanding, each literary term is defined in a short, reader-friendly essay Within each entry, boldfaced type indicates terms for which the entry provides the principal discussion, while italics identify terms discussed more fully elsewhere in the text, making it easy to place the reading in context and locate additional useful informationTable of Contents1.  2LiteratureaLiterature aHarpham, Geoffrey Galt